Relecturas de Michel de Certeau

Saved in:
Bibliografiske detaljer
Hovedforfatter: Rico de Sotelo, Carmen (Author)
Format: Bog
Sprog:spansk
Udgivet: Ciudad de México Universidad Iberoamericana 2006
Udgivelse:1a. ed
Serier:Colección El oficio de la Historia
Fag:
Tags: Tilføj Tag
Ingen Tags, Vær først til at tagge denne postø!

MARC

LEADER 00000nam a2200000 a 4500
001 UCI9154
003 CL-VaPUC
008 081024e20060000MX |||||||||||||||||spa|d
020 |a 9685896140 
082 0 4 |a 901  |b RIC  |2 21 
100 0 |a Rico de Sotelo, Carmen  |e author  |9 532775 
245 1 0 |a Relecturas de Michel de Certeau 
250 |a 1a. ed 
300 |a 126 p 
942 |c BK 
945 |d 20081024 00:00:00  |a jtorresc 
260 |a Ciudad de México  |b Universidad Iberoamericana  |c 2006 
650 0 |a Filosofía de la historia  |9 265651 
650 0 |a Crítica e interpretación   |9 255042 
583 |a last modification  |c 20081024 00:00:00  |k Rodrigo Vera 
490 0 |a Colección El oficio de la Historia 
999 |c 331764  |d 331762 
952 |0 0  |1 0  |4 0  |6 901_000000000000000_RIC_2006  |7 0  |8 A  |9 418843  |a BIBHIS  |b BIBHIS  |d 2019-11-22  |i 449251K  |o 901 RIC 2006  |p 449251K  |r 2025-01-20  |w 2019-11-22  |y BK  |k HIS